Central Library OPAC University of Rajshahi
Normal view MARC view

Entry Personal Name

Number of records used in: 1

001 - CONTROL NUMBER

  • control field: 10097

003 - CONTROL NUMBER IDENTIFIER

  • control field: BD-RjUL

005 - DATE AND TIME OF LATEST TRANSACTION

  • control field: 20231119174416.0

008 - FIXED-LENGTH DATA ELEMENTS

  • fixed length control field: 231119|| aca||aabn | a|a d

040 ## - CATALOGING SOURCE

  • Original cataloging agency: BD-RjUL
  • Transcribing agency: BD-RjUL

100 ## - HEADING--PERSONAL NAME

  • Personal name: Mojumder, Mohammad. Jahangir Hossain

670 ## - SOURCE DATA FOUND

  • Source citation: Work cat.: (BD-RjUL)82311: Mojumder, Mohammad. Jahangir Hossain, Strengthening local governance through Go-NGO collaboration : , 2018